Statistics for Antonyms Quiz #3

Click here to take the quiz!

General Stats

  • This quiz has been taken 70,457 times
  • The average score is 16 of 24

Answer Stats

WordAntonym% Correct
YoungOld
98%
WeakStrong
97%
AscendDescend
96%
LongitudeLatitude
93%
DeepShallow
92%
PaternalMaternal
90%
DawnDusk
89%
InferiorSuperior
88%
Debit (accounting)Credit
83%
NoneAll
78%
Acute (geometry)Obtuse
72%
International (flight)Domestic
66%
LatterFormer
66%
AlkalineAcidic
64%
ArtificialNatural
58%
StarboardPort
58%
AnteriorPosterior
48%
ExpandContract
47%
DespairHope
46%
Forte (music)Piano
44%
CursivePrint
42%
CentripetalCentrifugal
37%
PrecedeSucceed
32%
SatietyHunger
29%

Score Distribution

Percentile by Number Answered

Percent of People with Each Score

Your Score History

You have not taken this quiz